000 00776nam a2200241Ia 4500
003 OSt
005 20220923214555.0
006 a|||||r|||| 00| 0
007 ta
008 220922b |||||||| |||| 00| 0 hin d
024 _a170,958
037 _cTextual
040 _aARTS
_cARTS
_bhin
041 _2hin
_ahin
082 _aO152,3N11:g, K6
100 _aप्रभाकर, ओम
245 0 _aअज्ञेय का कथा साहित्य
246 _aAjnyeya kā kathā sāhitya
260 _aदिल्ली
_b नेशनल पब्लिशिंग
_c1966
650 _aहिन्दी साहित्य
_9156264
942 _hO152,3N11:g, K6
_cTEXL
_2CC
999 _c325199
_d325199